[Event "Gatineau Hiver-A"]
[Site "Gatineau CAN"]
[Date "2017.02.07"]
[Round "2"]
[White "Scantland, Patrick"]
[Black "Solunac, Stephen"]
[Result "1-0"]
[WhiteElo "1753"]
[BlackElo "1748"]
[WhiteFideId "-1"]
[WhiteFideId "-1"]
[PlyCount "189"]
[GameId "2160767908478759"]
[EventDate "2017.01.31"]
[EventType "swiss"]
[EventRounds "4"]
[EventCountry "CAN"]
[SourceTitle "EXT 2022"]
[Source "ChessBase"]
[SourceDate "2021.10.06"]
[SourceVersion "1"]
[SourceVersionDate "2021.10.06"]
[SourceQuality "1"]

1. d4 e6 2. c4 f5 3. Nc3 Nf6 4. g3 Be7 5. Bg2 O-O 6. e4 e5 7. Nge2 d6 8. Bg5 Qe8 9. Qb3 Kh8 10. O-O Nc6 11. d5 Nd4 12. Qd1 Nxe2+ 13. Qxe2 Qg6 14. Bxf6 Bxf6 15. exf5 Bxf5 16. Be4 h6 17. b4 a5 18. a3 Qg5 19. Bxf5 Qxf5 20. Qe4 Qh3 21. b5 Be7 22. a4 Rf5 23. Ra2 Raf8 24. f3 g5 25. Raf2 Kg7 26. Ne2 h5 27. g4 hxg4 28. Qxg4 Qxg4+ 29. fxg4 Rxf2 30. Rxf2 Rxf2 31. Kxf2 Bf6 32. Ke3 Kf7 33. Ke4 Kg6 34. Nc1 Be7 35. Nd3 b6 36. Nc1 Bf6 37. Nb3 Bd8 38. c5 Kf6 39. cxd6 cxd6 40. Nd2 Kg6 41. Nf1 Kf6 42. Ng3 Bc7 43. Nf5 Kg6 44. Kf3 Kf6 45. h4 gxh4 46. Nxh4 Kg5 47. Nf5 Kf6 48. Kg3 Kg5 49. Ng7 Kg6 50. Ne6 Bb8 51. Kf3 Kf7 52. g5 Kg6 53. Kg4 Ba7 54. Nf8+ Kf7 55. Nd7 Kg6 56. Kh4 e4 57. Kg4 e3 58. Kf3 e2 59. Kxe2 Kxg5 60. Ke3 Kg6 61. Kf4 Kf7 62. Kf5 Ke7 63. Nf6 Bb8 64. Ng8+ Kf7 65. Nh6+ Ke7 66. Kg6 Bc7 67. Nf5+ Kd7 68. Kf7 Bd8 69. Ng3 Bg5 70. Ne4 Bf4 71. Nf6+ Kd8 72. Ke6 Bg3 73. Ne4 Bh2 74. Nxd6 Kc7 75. Nc4 Bg3 76. d6+ Kb7 77. d7 Bh4 78. Kf7 Bd8 79. Ke8 Kc7 80. Ne3 Bh4 81. Nd5+ Kd6 82. Nxb6 Kc7 83. Nd5+ Kd6 84. d8=Q+ Bxd8 85. Kxd8 Kxd5 86. Kc7 Kc5 87. b6 Kb4 88. b7 Kxa4 89. b8=Q Ka3 90. Qb1 a4 91. Qa1+ Kb3 92. Kb6 a3 93. Kb5 a2 94. Kc5 Ka4 95. Kc4 1-0

[Event "Gatineau Hiver-A"]
[Site "Gatineau CAN"]
[Date "2017.02.07"]
[Round "2"]
[White "Solunac, Sasha"]
[Black "Bastien, Andre"]
[Result "1/2-1/2"]
[WhiteElo "1917"]
[BlackElo "1838"]
[WhiteFideId "-1"]
[WhiteFideId "-1"]
[PlyCount "77"]
[GameId "2160767908478760"]
[EventDate "2017.01.31"]
[EventType "swiss"]
[EventRounds "4"]
[EventCountry "CAN"]
[SourceTitle "EXT 2022"]
[Source "ChessBase"]
[SourceDate "2021.10.06"]
[SourceVersion "1"]
[SourceVersionDate "2021.10.06"]
[SourceQuality "1"]

1. d4 Nf6 2. c4 e6 3. Nc3 b6 4. e4 d6 5. g3 Be7 6. Bg2 Bb7 7. Nge2 O-O 8. O-O c6 9. b3 Nbd7 10. Bb2 Qc7 11. Qd2 Rad8 12. Rad1 c5 13. Rfe1 a6 14. h3 Nb8 15. Kh2 cxd4 16. Nxd4 Nc6 17. f4 Nxd4 18. Qxd4 e5 19. Qe3 Bc6 20. Nd5 Bxd5 21. exd5 Nd7 22. fxe5 dxe5 23. Bxe5 Nxe5 24. Qxe5 Bd6 25. Qg5 Rde8 26. Bf3 Qc5 27. Kg2 Qb4 28. Re4 Rxe4 29. Bxe4 Qc3 30. Rd3 Qb2+ 31. Qd2 Qe5 32. Re3 Qg5 33. h4 Qh6 34. Re2 Qf6 35. Qd3 g6 36. Qf3 Qd4 37. Qe3 Qd1 38. Qd3 Qa1 39. Qb1 1/2-1/2

[Event "Gatineau Hiver-A"]
[Site "Gatineau CAN"]
[Date "2017.02.07"]
[Round "2"]
[White "Thibault, Mario"]
[Black "Guimond, Michel"]
[Result "0-1"]
[WhiteElo "1841"]
[BlackElo "1867"]
[WhiteFideId "-1"]
[WhiteFideId "-1"]
[PlyCount "133"]
[GameId "2160767908478761"]
[EventDate "2017.01.31"]
[EventType "swiss"]
[EventRounds "4"]
[EventCountry "CAN"]
[SourceTitle "EXT 2022"]
[Source "ChessBase"]
[SourceDate "2021.10.06"]
[SourceVersion "1"]
[SourceVersionDate "2021.10.06"]
[SourceQuality "1"]

1. e4 e6 2. f4 d5 3. e5 c5 4. Nf3 Nc6 5. c3 Qa5 6. Na3 a6 7. Nc2 Nh6 8. Be2 Be7 9. O-O d4 10. Bd3 b5 11. Be4 Bb7 12. cxd4 cxd4 13. d3 Qb6 14. Qe2 Rd8 15. Bd2 b4 16. Be1 Bc5 17. Bh4 Rd7 18. Nd2 Na5 19. Bxb7 Qxb7 20. Ne4 Qb6 21. Ne1 Nf5 22. Nf3 Nxh4 23. Nxh4 Be7 24. Nf3 O-O 25. Rac1 Rc7 26. Rc2 Rfc8 27. Rfc1 b3 28. axb3 Nxb3 29. Rxc7 Rxc7 30. Rxc7 Qxc7 31. h3 Qc1+ 32. Kh2 Qxf4+ 33. Ng3 h5 34. Qe4 Qxe4 35. Nxe4 f6 36. g4 hxg4 37. hxg4 Kf7 38. Kg3 Bd8 39. Nd6+ Ke7 40. exf6+ gxf6 41. Nc4 Bc7+ 42. Kf2 Bf4 43. Nh4 Kf7 44. Ng2 Bg5 45. Nd6+ Ke7 46. Ne4 Bc1 47. Ke2 Bxb2 48. Nd2 Nxd2 49. Kxd2 Kf7 50. Nf4 e5 51. Ne2 Kg6 52. Kc2 Bc3 53. Ng3 a5 54. Ne4 a4 55. Kb1 a3 56. Ka2 Bb2 57. Kb3 f5 58. gxf5+ Kxf5 59. Nc5 Kf4 60. Ka2 Ke3 61. Kb3 Kd2 62. Ka2 Kc2 63. Nd7 Kxd3 64. Nxe5+ Ke2 65. Kb1 d3 66. Nc4 d2 67. Kc2 0-1

[Event "Gatineau Hiver-A"]
[Site "Gatineau CAN"]
[Date "2017.02.14"]
[Round "3"]
[White "Desjardins, Michel"]
[Black "Thibault, Mario"]
[Result "1-0"]
[WhiteElo "1943"]
[BlackElo "1841"]
[WhiteFideId "-1"]
[WhiteFideId "-1"]
[PlyCount "59"]
[GameId "2160767908478762"]
[EventDate "2017.01.31"]
[EventType "swiss"]
[EventRounds "4"]
[EventCountry "CAN"]
[SourceTitle "EXT 2022"]
[Source "ChessBase"]
[SourceDate "2021.10.06"]
[SourceVersion "1"]
[SourceVersionDate "2021.10.06"]
[SourceQuality "1"]

1. e4 c5 2. c3 g6 3. d4 cxd4 4. cxd4 d5 5. exd5 Nf6 6. Bb5+ Nbd7 7. Nc3 Bg7 8. d6 exd6 9. Qe2+ Qe7 10. Qxe7+ Kxe7 11. Bg5 Re8 12. O-O-O Kf8 13. Bf4 a6 14. Bxd6+ Kg8 15. Ba4 b5 16. Bb3 Nb6 17. Nf3 Bf5 18. Bc2 Bh6+ 19. Kb1 Bxc2+ 20. Kxc2 Rac8 21. Kb1 Nc4 22. Bg3 Na3+ 23. bxa3 Rxc3 24. d5 Rxa3 25. Be5 Ne4 26. d6 Nxf2 27. d7 Rd8 28. Bf6 Nxh1 29. Bxd8 Nf2 30. Be7 1-0

[Event "Gatineau Hiver-A"]
[Site "Gatineau CAN"]
[Date "2017.02.14"]
[Round "3"]
[White "Guimond, Michel"]
[Black "Solunac, Sasha"]
[Result "0-1"]
[WhiteElo "1867"]
[BlackElo "1917"]
[WhiteFideId "-1"]
[WhiteFideId "-1"]
[PlyCount "58"]
[GameId "2160767908478763"]
[EventDate "2017.01.31"]
[EventType "swiss"]
[EventRounds "4"]
[EventCountry "CAN"]
[SourceTitle "EXT 2022"]
[Source "ChessBase"]
[SourceDate "2021.10.06"]
[SourceVersion "1"]
[SourceVersionDate "2021.10.06"]
[SourceQuality "1"]

1. e4 e6 2. d4 d5 3. e5 c5 4. c3 Nc6 5. Nf3 Qb6 6. Be2 Bd7 7. O-O f6 8. exf6 Nxf6 9. a4 Bd6 10. dxc5 Bxc5 11. b4 Bd6 12. Ba3 Rc8 13. a5 Qc7 14. b5 Ne5 15. Nxe5 Bxe5 16. c4 Bxa1 17. f4 Kf7 18. Bh5+ g6 19. cxd5 Nxh5 20. dxe6+ Bxe6 21. f5 Bxf5 22. Rxf5+ gxf5 23. Qxh5+ Ke6 24. Qh6+ Bf6 25. Qe3+ Qe5 26. Qb3+ Qd5 27. Qe3+ Kf7 28. Qh6 Qd1+ 29. Kf2 Rc2+ 0-1

[Event "Gatineau Hiver-A"]
[Site "Gatineau CAN"]
[Date "2017.02.14"]
[Round "3"]
[White "Jobin, Gilles G"]
[Black "Scantland, Patrick"]
[Result "0-1"]
[WhiteElo "1836"]
[BlackElo "1753"]
[WhiteFideId "-1"]
[WhiteFideId "-1"]
[PlyCount "38"]
[GameId "2160767908478764"]
[EventDate "2017.01.31"]
[EventType "swiss"]
[EventRounds "4"]
[EventCountry "CAN"]
[SourceTitle "EXT 2022"]
[Source "ChessBase"]
[SourceDate "2021.10.06"]
[SourceVersion "1"]
[SourceVersionDate "2021.10.06"]
[SourceQuality "1"]

1. e4 e5 2. Nc3 Nc6 3. Nf3 Nf6 4. g3 Bb4 5. Bg2 d6 6. d3 O-O 7. O-O Bg4 8. Ne2 d5 9. exd5 Nxd5 10. c3 Bd6 11. Ng5 Be7 12. Nf3 Qd7 13. Qc2 Rad8 14. d4 e4 15. Ne5 Nxe5 16. dxe5 f5 17. exf6 Nxf6 18. Bxe4 Nxe4 19. Qxe4 Bf3 0-1

[Event "Gatineau Hiver-A"]
[Site "Gatineau CAN"]
[Date "2017.02.21"]
[Round "4"]
[White "Bastien, Andre"]
[Black "Guimond, Michel"]
[Result "1/2-1/2"]
[WhiteElo "1838"]
[BlackElo "1867"]
[WhiteFideId "-1"]
[WhiteFideId "-1"]
[PlyCount "62"]
[GameId "2160767908478765"]
[EventDate "2017.01.31"]
[EventType "swiss"]
[EventRounds "4"]
[EventCountry "CAN"]
[SourceTitle "EXT 2022"]
[Source "ChessBase"]
[SourceDate "2021.10.06"]
[SourceVersion "1"]
[SourceVersionDate "2021.10.06"]
[SourceQuality "1"]

1. d4 g6 2. c4 Bg7 3. Nc3 d6 4. Nf3 c6 5. Bg5 Bg4 6. Qd2 Qa5 7. e4 Bxf3 8. gxf3 Nd7 9. h4 h6 10. Be3 Ngf6 11. Be2 a6 12. a3 c5 13. d5 h5 14. Bg5 Rb8 15. O-O b5 16. cxb5 Nh7 17. bxa6 Nxg5 18. hxg5 O-O 19. a4 Rb3 20. Qc2 Rfb8 21. Bb5 c4 22. f4 Nc5 23. Ra2 Bxc3 24. bxc3 Nxa6 25. Rc1 Nc5 26. Bxc4 R3b7 27. Bb5 Ra7 28. c4 Qc7 29. Qe2 Nxe4 30. Qe3 Nc5 31. Re1 Qc8 1/2-1/2

[Event "Gatineau Hiver-A"]
[Site "Gatineau CAN"]
[Date "2017.02.21"]
[Round "4"]
[White "Danilov, Alex"]
[Black "Raymond, Daniel"]
[Result "1-0"]
[WhiteElo "1705"]
[BlackElo "1815"]
[WhiteFideId "-1"]
[WhiteFideId "-1"]
[PlyCount "111"]
[GameId "2160767908478766"]
[EventDate "2017.01.31"]
[EventType "swiss"]
[EventRounds "4"]
[EventCountry "CAN"]
[SourceTitle "EXT 2022"]
[Source "ChessBase"]
[SourceDate "2021.10.06"]
[SourceVersion "1"]
[SourceVersionDate "2021.10.06"]
[SourceQuality "1"]

1. Nf3 Nf6 2. c4 e6 3. d4 d5 4. Nc3 c5 5. Bg5 Be7 6. dxc5 Nc6 7. cxd5 exd5 8. Be3 Bg4 9. Qa4 Bxf3 10. exf3 d4 11. O-O-O Bxc5 12. Bb5 Qb6 13. Bxd4 Bxd4 14. Bxc6+ bxc6 15. Rhe1+ Kf8 16. Rxd4 Rb8 17. Qa3+ c5 18. Na4 Qa5 19. Qxc5+ Qxc5+ 20. Nxc5 Rc8 21. Kb1 g6 22. Nd7+ Kg7 23. Nxf6 Kxf6 24. Rd6+ Kg7 25. Re7 a5 26. Rdd7 Rhf8 27. b3 Rce8 28. Kb2 Rxe7 29. Rxe7 Rc8 30. Re4 Rc5 31. Rc4 Re5 32. Re4 Rc5 33. f4 Kf6 34. Re5 Rxe5 35. fxe5+ Kxe5 36. Kc3 Kd5 37. Kd3 h5 38. a3 g5 39. b4 axb4 40. axb4 h4 41. b5 f5 42. b6 Kc6 43. Kd4 g4 44. g3 hxg3 45. hxg3 f4 46. gxf4 Kxb6 47. f5 Kc7 48. Ke4 Kd7 49. Kf4 Ke7 50. Kg5 Kf7 51. f6 Kf8 52. Kxg4 Kg8 53. Kg5 Kf8 54. Kg6 Kg8 55. f7+ Kf8 56. f3 1-0

[Event "Gatineau Hiver-A"]
[Site "Gatineau CAN"]
[Date "2017.02.21"]
[Round "4"]
[White "Solunac, Sasha"]
[Black "Scantland, Patrick"]
[Result "1-0"]
[WhiteElo "1917"]
[BlackElo "1753"]
[WhiteFideId "-1"]
[WhiteFideId "-1"]
[PlyCount "61"]
[GameId "2160767908478767"]
[EventDate "2017.01.31"]
[EventType "swiss"]
[EventRounds "4"]
[EventCountry "CAN"]
[SourceTitle "EXT 2022"]
[Source "ChessBase"]
[SourceDate "2021.10.06"]
[SourceVersion "1"]
[SourceVersionDate "2021.10.06"]
[SourceQuality "1"]

1. d4 Nf6 2. c4 g6 3. Nc3 d6 4. e4 Bg7 5. f3 O-O 6. Be3 Nc6 7. Qd2 e5 8. d5 Ne7 9. Bd3 Bd7 10. Nge2 a6 11. g4 c5 12. h4 Rb8 13. h5 b5 14. hxg6 fxg6 15. Ng3 Qb6 16. b3 bxc4 17. Bxc4 Bb5 18. Bxb5 axb5 19. Qh2 Qa5 20. Bd2 b4 21. Na4 Qb5 22. Nb2 Nexd5 23. exd5 e4 24. Nxe4 Rbe8 25. O-O-O Nxe4 26. Qxh7+ Kf7 27. fxe4 Re7 28. Rdf1+ Ke8 29. Qxg6+ Kd7 30. Rxf8 Bxf8 31. Qf5+ 1-0

[Event "Gatineau Hiver-A"]
[Site "Gatineau CAN"]
[Date "2017.02.21"]
[Round "4"]
[White "Solunac, Stephen"]
[Black "Jobin, Gilles G"]
[Result "0-1"]
[WhiteElo "1748"]
[BlackElo "1836"]
[WhiteFideId "-1"]
[WhiteFideId "-1"]
[PlyCount "118"]
[GameId "2160767908478768"]
[EventDate "2017.01.31"]
[EventType "swiss"]
[EventRounds "4"]
[EventCountry "CAN"]
[SourceTitle "EXT 2022"]
[Source "ChessBase"]
[SourceDate "2021.10.06"]
[SourceVersion "1"]
[SourceVersionDate "2021.10.06"]
[SourceQuality "1"]

1. d4 d6 2. Nf3 Nf6 3. c4 Nbd7 4. Nc3 e5 5. e4 exd4 6. Nxd4 Nc5 7. Qc2 Qe7 8. f3 c6 9. Be2 g6 10. O-O Bg7 11. Be3 O-O 12. b4 Ne6 13. Rfd1 Nh5 14. Qd2 Nxd4 15. Bxd4 Bxd4+ 16. Qxd4 Qe5 17. Rac1 Be6 18. Qxd6 Qg5 19. Qd2 Nf4 20. Bf1 Rad8 21. Qb2 Rxd1 22. Rxd1 Rd8 23. Rxd8+ Qxd8 24. Qc2 Qd4+ 25. Kh1 Bxc4 26. Bxc4 Qxc4 27. h3 Qxb4 28. Kh2 Qd6 29. g3 Qd3 30. Qxd3 Nxd3 31. f4 b5 32. Kg2 b4 33. Nd1 a5 34. Kf3 Nc1 35. Ke3 Nxa2 36. Kd2 b3 37. Nb2 Kf8 38. Kd3 Ke7 39. Kc4 Nc1 40. g4 Kd6 41. e5+ Ke6 42. Kd4 Ne2+ 43. Ke3 Nc3 44. Kd4 Nd5 45. Ke4 Nb6 46. f5+ gxf5+ 47. gxf5+ Kd7 48. Kd4 a4 49. Kc3 c5 50. Nd3 c4 51. Nc5+ Ke8 52. e6 a3 53. Nxb3 cxb3 54. Kxb3 fxe6 55. fxe6 Nc4 56. h4 Ke7 57. Kxc4 a2 58. Kd5 a1=Q 59. h5 Qa5+ 0-1

[Event "Gatineau Hiver-A"]
[Site "Gatineau CAN"]
[Date "2017.02.21"]
[Round "4"]
[White "Thibault, Mario"]
[Black "Gagnon, Fabien"]
[Result "1-0"]
[WhiteElo "1841"]
[BlackElo "1910"]
[WhiteFideId "-1"]
[WhiteFideId "-1"]
[PlyCount "63"]
[GameId "2160767908478769"]
[EventDate "2017.01.31"]
[EventType "swiss"]
[EventRounds "4"]
[EventCountry "CAN"]
[SourceTitle "EXT 2022"]
[Source "ChessBase"]
[SourceDate "2021.10.06"]
[SourceVersion "1"]
[SourceVersionDate "2021.10.06"]
[SourceQuality "1"]

1. e4 c5 2. Nc3 Nc6 3. f4 g6 4. Nf3 Bg7 5. Bb5 Nd4 6. O-O a6 7. Bc4 b5 8. Bd5 Rb8 9. d3 e6 10. Bb3 Ne7 11. Nxd4 Bxd4+ 12. Kh1 O-O 13. e5 d6 14. Ne4 dxe5 15. c3 c4 16. Bc2 cxd3 17. Qxd3 Bb6 18. Nf6+ Kg7 19. Qh3 h6 20. fxe5 Rh8 21. Bf4 Nd5 22. Qg3 Nxf4 23. Qxf4 Qe7 24. Rad1 Rb7 25. Be4 Rc7 26. Qf3 Rd8 27. Rxd8 Qxd8 28. Bc6 Ra7 29. Ne8+ Kg8 30. Nd6 Qf8 31. Be8 Rc7 32. Bxf7+ 1-0

[Event "Gatineau Hiver-A"]
[Site "Gatineau CAN"]
[Date "2017.02.28"]
[Round "5"]
[White "Jobin, Gilles G"]
[Black "Guimond, Michel"]
[Result "1-0"]
[WhiteElo "1836"]
[BlackElo "1867"]
[WhiteFideId "-1"]
[WhiteFideId "-1"]
[PlyCount "121"]
[GameId "2160767908478770"]
[EventDate "2017.01.31"]
[EventType "swiss"]
[EventRounds "4"]
[EventCountry "CAN"]
[SourceTitle "EXT 2022"]
[Source "ChessBase"]
[SourceDate "2021.10.06"]
[SourceVersion "1"]
[SourceVersionDate "2021.10.06"]
[SourceQuality "1"]

1. e4 e6 2. b3 d5 3. Bb2 Nf6 4. e5 Nfd7 5. d4 c5 6. Nf3 Nc6 7. c3 b6 8. Bb5 Bb7 9. Na3 cxd4 10. Bxc6 dxc3 11. Bxd7+ Qxd7 12. Bc1 Ba6 13. Nc2 Qc7 14. Qd4 Qc6 15. Nb4 Bxb4 16. Qxb4 d4 17. Qa4 Qxa4 18. bxa4 O-O-O 19. Ba3 Rd5 20. Bd6 Rd8 21. Kd1 R8xd6 22. exd6 Rxd6 23. Kc2 f6 24. Ne1 e5 25. f3 Bc4 26. Nd3 Rd5 27. Rhb1 Rd6 28. Rb4 Bd5 29. Rb5 Bc6 30. Rb4 a5 31. Rxb6 Bxa4+ 32. Rb3 Rb6 33. Nc5 Bxb3+ 34. axb3 Rb5 35. Nd3 h5 36. h4 g5 37. hxg5 fxg5 38. Re1 Kd7 39. Rxe5 Rxe5 40. Nxe5+ Ke6 41. Nc6 Kd5 42. Nxa5 g4 43. fxg4 hxg4 44. Kd3 Kc5 45. b4+ Kxb4 46. Nc6+ Kc5 47. Nxd4 Kd5 48. Ne2 c2 49. Kxc2 Ke4 50. Kd2 Kf5 51. Ke3 Kg5 52. g3 Kf5 53. Kd4 Ke6 54. Ke4 Kf6 55. Kf4 Kg6 56. Kxg4 Kh6 57. Kf5 Kh5 58. g4+ Kh6 59. Kf6 Kh7 60. g5 Kg8 61. Kg6 1-0

[Event "Gatineau Hiver-A"]
[Site "Gatineau CAN"]
[Date "2017.02.28"]
[Round "5"]
[White "Raymond, Daniel"]
[Black "Solunac, Stephen"]
[Result "1-0"]
[WhiteElo "1815"]
[BlackElo "1748"]
[WhiteFideId "-1"]
[WhiteFideId "-1"]
[PlyCount "39"]
[GameId "2160767908478771"]
[EventDate "2017.01.31"]
[EventType "swiss"]
[EventRounds "4"]
[EventCountry "CAN"]
[SourceTitle "EXT 2022"]
[Source "ChessBase"]
[SourceDate "2021.10.06"]
[SourceVersion "1"]
[SourceVersionDate "2021.10.06"]
[SourceQuality "1"]

1. e4 c5 2. Nf3 Nc6 3. d4 cxd4 4. Nxd4 e5 5. Nb3 d6 6. Nc3 Be6 7. Be2 a6 8. O-O Be7 9. Kh1 Bg5 10. Bxg5 Qxg5 11. Qxd6 Rd8 12. Qc5 Nge7 13. f4 Qh4 14. f5 Bxb3 15. axb3 O-O 16. Bd3 Kh8 17. Rf3 f6 18. Raf1 Nd4 19. Rh3 Qg5 20. Qxe7 1-0

[Event "Gatineau Hiver-A"]
[Site "Gatineau CAN"]
[Date "2017.02.28"]
[Round "5"]
[White "Scantland, Patrick"]
[Black "Bastien, Andre"]
[Result "1-0"]
[WhiteElo "1753"]
[BlackElo "1838"]
[WhiteFideId "-1"]
[WhiteFideId "-1"]
[PlyCount "105"]
[GameId "2160767908478772"]
[EventDate "2017.01.31"]
[EventType "swiss"]
[EventRounds "4"]
[EventCountry "CAN"]
[SourceTitle "EXT 2022"]
[Source "ChessBase"]
[SourceDate "2021.10.06"]
[SourceVersion "1"]
[SourceVersionDate "2021.10.06"]
[SourceQuality "1"]

1. d4 Nf6 2. c4 e6 3. Nc3 Bb4 4. Qc2 c5 5. e3 O-O 6. Bd3 d5 7. a3 Ba5 8. Nge2 a6 9. O-O dxc4 10. Bxc4 b5 11. Bd3 c4 12. Be4 Nxe4 13. Nxe4 Nd7 14. Rd1 Bc7 15. N4g3 Bb7 16. e4 Qh4 17. f3 Bb6 18. Be3 Ne5 19. Qd2 Qd8 20. Kf1 Nd3 21. b3 f5 22. bxc4 bxc4 23. exf5 exf5 24. Nf4 Nxf4 25. Bxf4 Qd5 26. Be5 h6 27. Nh5 Rf7 28. Bxg7 Qe6 29. Bxh6 f4 30. Bxf4 Bxf3 31. gxf3 Qh3+ 32. Qg2+ Qxg2+ 33. Kxg2 Rf5 34. Be5 Rxh5 35. Rab1 Rg5+ 36. Kf1 Rg6 37. Rd2 Rd8 38. Rbd1 Rd5 39. Rg2 Kf7 40. Rxg6 Kxg6 41. Ke2 Kf5 42. f4 Ke4 43. Rc1 Ra5 44. Rc3 Kd5 45. Ke3 Rb5 46. f5 Ba5 47. Rc2 Rb3+ 48. Ke2 Bc3 49. f6 Ke6 50. h4 Rxa3 51. h5 Kf7 52. Kf1 Ra1+ 53. Kg2 1-0

[Event "Gatineau Hiver-A"]
[Site "Gatineau CAN"]
[Date "2017.02.28"]
[Round "5"]
[White "Solunac, Sasha"]
[Black "Desjardins, Michel"]
[Result "1/2-1/2"]
[WhiteElo "1917"]
[BlackElo "1943"]
[WhiteFideId "-1"]
[WhiteFideId "-1"]
[PlyCount "36"]
[GameId "2160767908478773"]
[EventDate "2017.01.31"]
[EventType "swiss"]
[EventRounds "4"]
[EventCountry "CAN"]
[SourceTitle "EXT 2022"]
[Source "ChessBase"]
[SourceDate "2021.10.06"]
[SourceVersion "1"]
[SourceVersionDate "2021.10.06"]
[SourceQuality "1"]

1. d4 d5 2. c4 c6 3. Nf3 Nf6 4. e3 a6 5. Nc3 b5 6. cxd5 cxd5 7. Qc2 Bb7 8. Bd3 Nc6 9. a3 Rc8 10. Bd2 e6 11. O-O Bd6 12. Rac1 h6 13. Qd1 Na5 14. Ne5 O-O 15. f4 Nc4 16. Nxc4 dxc4 17. Bb1 Bb8 18. Qe2 Re8 1/2-1/2

[Event "Gatineau Hiver-B"]
[Site "Gatineau CAN"]
[Date "2017.01.31"]
[Round "1"]
[White "Arcand, Pierre"]
[Black "Iyamuremye, Gervais"]
[Result "1-0"]
[WhiteElo "1177"]
[BlackElo "1463"]
[WhiteFideId "-1"]
[WhiteFideId "-1"]
[PlyCount "61"]
[GameId "2160767908478774"]
[EventDate "2017.01.31"]
[EventType "swiss"]
[EventRounds "4"]
[EventCountry "CAN"]
[SourceTitle "EXT 2022"]
[Source "ChessBase"]
[SourceDate "2021.10.06"]
[SourceVersion "1"]
[SourceVersionDate "2021.10.06"]
[SourceQuality "1"]

1. e4 e5 2. Nf3 d6 3. Nc3 Nf6 4. d3 h6 5. Be2 Nc6 6. O-O Bg4 7. h3 Bh5 8. b3 Qd7 9. Bb2 g5 10. Nd2 Bxe2 11. Qxe2 Nd4 12. Qd1 h5 13. Nf3 g4 14. Nxd4 exd4 15. Nd5 Nxd5 16. Bxd4 Rg8 17. exd5 O-O-O 18. h4 Bg7 19. Bxg7 Rxg7 20. g3 f5 21. Qd2 Qf7 22. c4 Rf8 23. Qf4 Rgg8 24. Rfe1 Re8 25. Re3 Rxe3 26. fxe3 Qf6 27. d4 Re8 28. Rf1 Rf8 29. Rd1 Re8 30. Rf1 Re4 31. Qxe4 1-0

[Event "Gatineau Hiver-B"]
[Site "Gatineau CAN"]
[Date "2017.01.31"]
[Round "1"]
[White "Ethier, Valori"]
[Black "Legare, Gilles"]
[Result "1-0"]
[WhiteElo "1380"]
[BlackElo "1043"]
[WhiteFideId "-1"]
[WhiteFideId "-1"]
[PlyCount "103"]
[GameId "2160767908478775"]
[EventDate "2017.01.31"]
[EventType "swiss"]
[EventRounds "4"]
[EventCountry "CAN"]
[SourceTitle "EXT 2022"]
[Source "ChessBase"]
[SourceDate "2021.10.06"]
[SourceVersion "1"]
[SourceVersionDate "2021.10.06"]
[SourceQuality "1"]

1. f4 e6 2. Nf3 Nc6 3. e3 Nge7 4. b3 d6 5. Bb2 e5 6. fxe5 d5 7. Be2 Ng6 8. O-O Be6 9. Bb5 Be7 10. Bxc6+ bxc6 11. Qe2 a6 12. a4 O-O 13. Ba3 Bxa3 14. Rxa3 c5 15. d4 Nh4 16. Nbd2 Qe7 17. c4 c6 18. Nxh4 cxd4 19. Ra2 Qxh4 20. Nf3 Qg4 21. Nxd4 Qxe2 22. Rxe2 Bd7 23. cxd5 cxd5 24. Rc2 Rac8 25. Rfc1 g6 26. Rxc8 Rxc8 27. Rxc8+ Bxc8 28. Nc6 Kg7 29. b4 Bf5 30. b5 axb5 31. axb5 Bd7 32. Nd4 Bc8 33. Kf2 h5 34. h4 Kf8 35. Kf3 Ke7 36. Kf4 Kf8 37. e4 dxe4 38. Kxe4 Ke8 39. g3 Kd7 40. Kd5 Bb7+ 41. Kc5 Kc8 42. Kb6 Bg2 43. Ne2 Kd7 44. Nd4 Ke7 45. Kc7 Ba8 46. b6 Bd5 47. Nc6+ Ke6 48. b7 Kf5 49. b8=Q Kg4 50. Kb6 Be6 51. Ne7 Bd5 52. e6 1-0

[Event "Gatineau Hiver-B"]
[Site "Gatineau CAN"]
[Date "2017.01.31"]
[Round "1"]
[White "Lecorre, Joel"]
[Black "Sigouin, Frederic"]
[Result "1-0"]
[WhiteElo "1465"]
[BlackElo "1178"]
[WhiteFideId "-1"]
[WhiteFideId "-1"]
[PlyCount "69"]
[GameId "2160767908478776"]
[EventDate "2017.01.31"]
[EventType "swiss"]
[EventRounds "4"]
[EventCountry "CAN"]
[SourceTitle "EXT 2022"]
[Source "ChessBase"]
[SourceDate "2021.10.06"]
[SourceVersion "1"]
[SourceVersionDate "2021.10.06"]
[SourceQuality "1"]

1. e4 e5 2. Bc4 Bc5 3. Nf3 Nf6 4. Nxe5 O-O 5. d3 d5 6. exd5 Nxd5 7. O-O Be6 8. c3 c6 9. d4 b5 10. Bb3 Bd6 11. Nd2 Nd7 12. Nxc6 Bxh2+ 13. Kxh2 Qc7+ 14. Ne5 Nxe5 15. dxe5 Qxe5+ 16. Kg1 Ne3 17. fxe3 Qxe3+ 18. Rf2 Rae8 19. Nf3 Qc5 20. Qd4 Qh5 21. Bf4 Bg4 22. Qd5 Bxf3 23. Qxf3 Qc5 24. Rd1 Re7 25. Bd6 Re3 26. Bxc5 Rxf3 27. Rxf3 Re8 28. Rxf7 Kh8 29. Rf8+ Rxf8 30. Bxf8 h6 31. Rd7 g5 32. Bxh6 a6 33. Bc2 Kg8 34. Bg6 g4 35. Rd8# 1-0

[Event "Gatineau Hiver-B"]
[Site "Gatineau CAN"]
[Date "2017.01.31"]
[Round "1"]
[White "Raymond, Robert"]
[Black "Berthiaume, Serge"]
[Result "0-1"]
[WhiteElo "1298"]
[BlackElo "1525"]
[WhiteFideId "-1"]
[WhiteFideId "-1"]
[PlyCount "104"]
[GameId "2160767908478777"]
[EventDate "2017.01.31"]
[EventType "swiss"]
[EventRounds "4"]
[EventCountry "CAN"]
[SourceTitle "EXT 2022"]
[Source "ChessBase"]
[SourceDate "2021.10.06"]
[SourceVersion "1"]
[SourceVersionDate "2021.10.06"]
[SourceQuality "1"]

1. e4 c5 2. Nc3 Nc6 3. g3 g6 4. Bg2 Bg7 5. d3 d6 6. Nge2 Bg4 7. Be3 Ne5 8. O-O Bf3 9. Bf4 Bxg2 10. Kxg2 Nc6 11. Rb1 Qd7 12. Bd2 e5 13. f4 Nge7 14. Rf2 d5 15. Qf1 O-O 16. f5 gxf5 17. exf5 f6 18. Nc1 Nd4 19. g4 Nxc2 20. Nb3 b6 21. Rc1 Ne3+ 22. Bxe3 d4 23. Bxd4 exd4 24. Ne4 Nd5 25. Qe2 Bh6 26. Re1 Nf4+ 27. Rxf4 Bxf4 28. Nbd2 Qd5 29. b3 Kf7 30. Nc4 b5 31. Ncd6+ Bxd6 32. Kg1 Rae8 33. h4 Re5 34. g5 Ke7 35. Qh5 Qg8 36. Kh1 fxg5 37. f6+ Rxf6 38. hxg5 Rg6 39. Rg1 Qg7 40. Rg2 Kd7 41. Rg1 Be7 42. Qh3+ Kd8 43. Qh5 Bxg5 44. Nxg5 Rh6 45. Nf7+ Qxf7 46. Qxh6 Rh5+ 47. Qxh5 Qxh5+ 48. Kg2 Kd7 49. Kf2 Qh2+ 50. Kf1 Qf4+ 51. Kg2 h5 52. Rf1 Qg4+ 0-1